000 00607nam a2200229Ia 4500
003 OSt
005 20220925220744.0
006 a|||||r|||| 00| 0
007 ta
008 220923b |||||||| |||| 00| 0 eng d
037 _cGeneral Book
040 _aRTL
_cRTL
_beng
041 _2eng
_aeng
082 _aX:8, M1;N4/TD
100 _aAppleby Robert C
_9280096
245 0 _aModern business administration.
250 _a6th
260 _aLondon
_bMacmillan
_c1994
300 _a500p.
_ccm.
942 _hX:8, M1;N4/TD
_cGB
_2CC
999 _c572353
_d572353